| 000 | 01110nam a2200373 c 4500 | ||
|---|---|---|---|
| 001 | |||
| 003 | DO-SdBNP | ||
| 005 | 20220330111924.0 | ||
| 008 | 170403s2000 sp a|||| 000 1 spa | ||
| 020 | _a9788424132696 | ||
| 040 |
_aBPMSU _bspa _cBPMSU _e |
||
| 080 | _a | ||
| 082 |
_a863.6 _bL864v 2000 _222 |
||
| 100 | 1 |
_aLópez Narváez, Concha _d1939- _0 |
|
| 245 | 1 | 3 |
_aEl viaje de viento pequeño / _cConcha López Narváez, Carmelo Salmerón ; dibujos de R. Salmerón |
| 250 | _a5a. ed. | ||
| 260 |
_aLeón, España : _bEditorial Everest. _c200 |
||
| 300 |
_a69 p.; _bil. ; _c21 cm |
||
| 336 |
_aTexto (visual) _2isbdcontent |
||
| 337 |
_asin mediación _2isbdmedia |
||
| 490 | 0 | _aMontaña encantada | |
| 590 | _6Inventariado, 2022/VM | ||
| 648 | _a | ||
| 650 | 4 | _aCuentos infantiles españoles | |
| 650 | 4 | _aliteratura infantil española | |
| 655 | 7 |
_aLibros infantiles _2tgfbne |
|
| 655 | 4 |
_aLibros ilustrados _2 |
|
| 655 | 4 | _2 | |
| 700 | 1 | _aSalmerón, Carmelo | |
| 700 | 1 |
_aSalmerón López, Rafael _d1972- _eilustrador |
|
| 910 | _aVMateo V. | ||
| 942 |
_2ddc _cBK |
||
| 956 | _a2 | ||
| 999 |
_c14124 _d14124 |
||